A shṭayn tsuḳopns (Record no. 32216)
[ view plain ]
| 000 -LEADER | |
|---|---|
| fixed length control field | 00545cam a22001931 4500 |
| 001 - CONTROL NUMBER | |
| control field | he 67000481 |
| 003 - CONTROL NUMBER IDENTIFIER | |
| control field | DLC |
| 005 - DATE AND TIME OF LATEST TRANSACTION | |
| control field | 20260227111444.0 |
| 008 - FIXED-LENGTH DATA ELEMENTS--GENERAL INFORMATION | |
| fixed length control field | 900530s1960 ag 000 1 yidr |
| 010 ## - LIBRARY OF CONGRESS CONTROL NUMBER | |
| LC control number | he 67000481 |
| 035 ## - SYSTEM CONTROL NUMBER | |
| System control number | (OCoLC)21625529 |
| 040 ## - CATALOGING SOURCE | |
| Original cataloging agency | DLC |
| Transcribing agency | TxU |
| Modifying agency | DLC |
| 050 00 - LIBRARY OF CONGRESS CALL NUMBER | |
| Classification number | PJ5129.O47 |
| Item number | S45 |
| 100 1# - MAIN ENTRY--PERSONAL NAME | |
| Personal name | Okrutny, Iosef, |
| Dates associated with a name | 1906- |
| 245 12 - TITLE STATEMENT | |
| Title | A shṭayn tsuḳopns |
| Statement of responsibility, etc. | [fun] Yosef Oḳruṭni. |
| 260 ## - PUBLICATION, DISTRIBUTION, ETC. | |
| Place of publication, distribution, etc. | Buenos-Ayres, |
| Name of publisher, distributor, etc. | Farlag Svive, |
| Date of publication, distribution, etc. | 721, 1960. |
| 300 ## - PHYSICAL DESCRIPTION | |
| Extent | 381 p. |
| Dimensions | 21 cm. |
| 500 ## - GENERAL NOTE | |
| General note | Added t. p.: Una piedra de cabecera. |
No items available.